Top Women in Country Music - Statistics

General Stats
  • This quiz has been taken 91 times
  • The average score is 10 of 23
Answer Stats
Place Song Answer % Correct
8 Jolene Dolly Parton
99%
25 Man! I Feel Like a Woman Shania Twain
91%
99 Before He Cheats Carrie Underwood
80%
4 Coal Miner's Daughter Loretta Lynn
79%
12 Crazy Patsy Cline
62%
16 Stand By Your Man Tammy Wynette
61%
45 Cowboy Take Me Away The Chicks
61%
80 You Belong With Me Taylor Swift
55%
33 The House that Built Me Miranda Lambert
53%
36 Is there Life Out There? Reba McEntire
53%
67 Delta Dawn Tanya Tucker
43%
74 I Hope You Dance Lee Ann Womack
38%
90 Don't it Make My Brown Eyes Blue Crystal Gayle
32%
88 Why Not Me? The Judds
32%
78 Seven Year Ache Roseanne Cash
24%
72 I'm Not Lisa Jessi Colter
17%
82 Rose Garden Lynn Anderson
17%
77 I Try to Think About Elvis Patty Loveless
17%
48 Boulder to Birmingham Emmylou Harris
16%
42 It Wasn’t God Who Made Honky Tonk Angels Kitty Wells
16%
69 Burning a Hole in My Mind Connie Smith
11%
94 Please Read the Letter Alison Krauss
9%
91 Passionate Kisses Lucinda Williams
7%
No matching quizzes found
Score Distribution
Percent of People with Each Score
Percentile by Number Answered
Your Score History
You have not taken this quiz